Gaming Quiz

Random Gaming or Board Games Quiz

Yahtzee Special Editions Quiz Stats

 Plays Quiz Updated Jul 6, 2016

Score 0/24 Timer 08:00
0 Plays Today
% Correct
Jaws
99.1%
South Park
96.8%
Pac-Man
96%
Spider-Man
95%
The Muppets
94.5%
Super Mario Bros.
93.3%
My Little Pony
91%
Family Guy
87.9%
Avengers: Age of Ultron
87.7%
Doctor Who
87.5%
Futurama
87.1%
Hello Kitty
87.1%
% Correct
Donkey Kong
86.2%
Pirates of the Caribbean
85.6%
Elvis Presley
85.1%
The Nightmare Before Christmas
83%
The Three Stooges
79%
Back to the Future
72.6%
The Terminator
69.9%
A Christmas Story
67.7%
Firefly
41.8%
Fallout
37.8%
The Hobbit: The Desolation of Smaug
28.2%
Borderlands
17.6%

You're not logged in!

Compare scores with friends on all Sporcle quizzes.
OR
Log In

Sporcle TV

Today on Sporcle TV


Watch our educational content, quiz creation guides, and fun videos on Sporcle TV.

Show Comments

Extras

Top Quizzes Today


Score Distribution

Your Account Isn't Verified!

In order to create a playlist on Sporcle, you need to verify the email address you used during registration. Go to your Sporcle Settings to finish the process.

Report this User

Report this user for behavior that violates our Community Guidelines.

Details: